Human Resource Management an Economic Approach

Saved in:
Bibliographic Details
Main Author: Mitchell, Daniel J.B
Format: Book
Language:English
Published: Boston PWS-Kent Pub. Co. 1989
Edition:1. ed.
Tags: Add Tag
No Tags, Be the first to tag this record!

MARC

LEADER 00000nam a2200000 4500
001 c027321
005 20221215113919.4
041 0 |a eng 
044 |a US 
245 1 0 |a Human Resource Management an Economic Approach  |c Daniel J.B. Mitchell 
250 |a 1. ed. 
264 1 |a Boston  |b PWS-Kent Pub. Co.  |c 1989 
300 |a 527 s. 
100 1 |a Mitchell, Daniel J.B.